| 000 | 00743nam a22002177a 4500 | ||
|---|---|---|---|
| 003 | 0 | ||
| 005 | 20250131140929.0 | ||
| 008 | 140923b xxu||||| |||| 00| 0 eng d | ||
| 050 |
_aPGS TX 364 _b.Ab162 2014 |
||
| 100 | _aAbrenica, Julianne C. | ||
| 245 |
_aPhysical activities and good nutrition / _cJulianne C. Abrenica. |
||
| 260 |
_aLas PiƱas City, Philippines : _bSouthville International School and Colleges, _c2014. |
||
| 300 |
_a24 p. : _bill. ; _c28 cm. |
||
| 504 | _aIncludes bibliographical references. | ||
| 650 | _aPhysical fitness for children. | ||
| 650 |
_aChildren _vNutrition. |
||
| 650 |
_aNutritional status _vEvaluation. |
||
| 650 |
_aPhysical activity _vEffect on nutrition. |
||
| 942 |
_2lcc _cPASS |
||
| 999 |
_c275584 _d275584 |
||